| 000 | 00456nam a2200181Ia 4500 | ||
|---|---|---|---|
| 008 | 170705s9999 xx 000 0 und d | ||
| 020 | _a9780516246475 | ||
| 245 | _aHarry's hats / | ||
| 245 | _cAnn Tompert ; illustrated by Marcelo Alizalde. | ||
| 260 | _aNew York : | ||
| 260 | _bChildren's Press, | ||
| 260 | _c2004 | ||
| 300 | _a31 pages : | ||
| 300 | _bcolor illustration ; | ||
| 300 | _c18cm. | ||
| 440 | _aA rookie reader. | ||
| 500 | _a400 | ||
| 999 |
_c335786 _d335786 |
||